| Tag |
First Indicator |
Second Indicator |
Subfields |
| LEADER |
00000cam a2200000 a 4500 |
| 001 |
in00000758564 |
| 005 |
20190207095111.0 |
| 008 |
860508s1986 txua s00110 eng |
| 010 |
|
|
|a 86011301
|
| 020 |
|
|
|a 0292764405 :
|c $18.95
|
| 020 |
|
|
|a 0292765045 (pbk.) :
|c $9.95
|
| 035 |
|
|
|a (OCoLC)13644363
|
| 035 |
|
|
|9 ADL5475AM
|
| 040 |
|
|
|a DLC
|c DLC
|d TXA
|d UtOrBLW
|
| 043 |
|
|
|a n-us-tx
|
| 049 |
|
|
|a TXAM
|c [A09723018]
|a TXAS [txas]
|
| 050 |
0 |
0 |
|a QH105.T4
|b F74 1986
|
| 082 |
0 |
|
|a 508.764
|2 19
|
| 100 |
1 |
|
|a Fritz, Edward C.
|
| 245 |
1 |
0 |
|a Realms of beauty :
|b the wilderness areas of East Texas /
|c by Edward C. Fritz ; photographs by Jess Alford.
|
| 250 |
|
|
|a 1st ed.
|
| 264 |
|
1 |
|a Austin :
|b University of Texas Press,
|c 1986.
|
| 300 |
|
|
|a xii, 116 pages :
|b color illustrations ;
|c 22 cm.
|
| 336 |
|
|
|a text
|b txt
|2 rdacontent
|
| 337 |
|
|
|a unmediated
|b n
|2 rdamedia
|
| 338 |
|
|
|a volume
|b nc
|2 rdacarrier
|
| 500 |
|
|
|a The Cushing Library/Chapman Texas Collection copy is part of the Floyd & Louise Chapman Texas & Borderlands Collection.
|5 TXA
|
| 500 |
|
|
|a Includes index.
|
| 650 |
|
0 |
|a Wilderness areas
|z Texas.
|
| 650 |
|
0 |
|a Natural history
|z Texas.
|
| 700 |
1 |
|
|a Alford, Jess,
|d 1933-
|
| 999 |
|
|
|a MARS
|
| 999 |
f |
f |
|s 37bb3e99-6481-3bc1-ab74-dac8e74e0be6
|i ee2ba88a-4706-3065-b243-b2895a2edc75
|t 0
|
| 952 |
f |
f |
|p ric
|a Texas A&M University
|b Rellis Campus
|c Joint Library Facility
|d Remote Storage
|t 0
|e QH105.T4 F74 1986
|h Library of Congress classification
|i unmediated -- volume
|m A14809723018
|
| 952 |
f |
f |
|p noncirc
|a Texas A&M University
|b College Station
|c Cushing Memorial Library & Archives
|d Cushing: Chapman Texas Collection (Does not check out)
|t 0
|e QH105.T4 F74 1986
|h Library of Congress classification
|i unmediated -- volume
|
| 998 |
f |
f |
|a QH105.T4 F74 1986
|t 0
|l Remote Storage
|
| 998 |
f |
f |
|a QH105.T4 F74 1986
|t 0
|l Cushing: Chapman Texas Collection (Does not check out)
|